50 Największych miast w byłym Układzie Warszawskim (Bez ZSRR) - Statystyki

Ogólne statystyki
  • Ten quiz został rozwiązany 28 razy
  • Średni wynik to 37 z 50
Odpowiedzi na mapie
Odpowiedzi zakodowano w zielono-czerwonej skali na mapie do tego quizu, zgodnie z poniższymi procentami.
 
Statystyki odpowiedzi
Państwo Miasto Populacja % Poprawnych
Słowacja Bratysława 480k
100%
Węgry Budapeszt 1,7 mln
100%
Czechy Praga 1,4 mln
100%
Bułgaria Sofia 1,2 mln
100%
Niemcy Berlin 1,5 mln
96%
Rumunia Bukareszt 1,7 mln
96%
Polska Bydgoszcz 330k
96%
Polska Gdańsk 490k
96%
Polska Gdynia 240k
96%
Polska Poznań 540k
96%
Polska Toruń 190k
96%
Polska Warszawa 1,8 mln
96%
Polska Wrocław 670k
96%
Polska Białystok 290k
92%
Czechy Brno 400k
92%
Polska Częstochowa 210k
92%
Polska Katowice 280k
92%
Polska Kielce 180k
92%
Polska Kraków 810k
92%
Niemcy Lipsk 610k
92%
Polska Łódź 650k
92%
Polska Lublin 330k
92%
Polska Radom 200k
92%
Polska Rzeszów 200k
92%
Polska Szczecin 390k
92%
Niemcy Drezno 560k
88%
Polska Gliwice 170k
88%
Bułgaria Warna 320k
88%
Niemcy Rostock 210k
83%
Polska Sosnowiec 190k
83%
Słowacja Koszyce 230k
79%
Czechy Ostrawa 280k
79%
Czechy Pilzno 190k
71%
Rumunia Kluż-Napoka 290k
58%
Niemcy Magdeburg 240k
58%
Niemcy Poczdam 180k
58%
Bułgaria Burgas 190k
54%
Bułgaria Płowdiw 330k
54%
Węgry Debreczyn 200k
50%
Rumunia Timisoara 250k
46%
Rumunia Braszów 240k
42%
Niemcy Chemnitz 250k
42%
Rumunia Jassy 270k
42%
Rumunia Konstanca 260k
42%
Niemcy Erfurt 220k
38%
Rumunia Krajowa 230k
33%
Rumunia Oradea 180k
33%
Niemcy Halle 230k
29%
Rumunia Gałacz 220k
25%
Rumunia Ploeszti 180k
17%
Nie znaleziono quizów pasujących do podanych kryteriów
Rozkład punktacji
Procent ludzi z każdym wynikiem
Percentyl według liczby udzielonych odpowiedzi
Twoja historia wyników
Nie rozwiązałeś tego quizu